[Event "MNT-chT"]
[Site "Herceg Novi"]
[Date "2024.05.04"]
[Round "9.10"]
[White "Rajkovic, Dusan"]
[Black "Jovancevic, Jovan"]
[Result "1/2-1/2"]
[WhiteElo "2252"]
[BlackElo "2094"]
[PlyCount "26"]
[EventDate "2024.04.27"]
[EventType "team-tourn"]
[EventRounds "9"]
[EventCountry "MNE"]
[SourceTitle "CBM 220 Extra"]
[Source "ChessBase"]
[SourceDate "2024.07.31"]
[SourceVersion "1"]
[SourceVersionDate "2024.07.31"]
[SourceQuality "1"]
[WhiteTeam "Rudar"]
[BlackTeam "Omladinac Buducnost"]
[WhiteTeamCountry "MNE"]
[BlackTeamCountry "MNE"]

1. d4 d5 2. c4 e6 3. Nc3 c5 4. cxd5 exd5 5. Nf3 Nf6 6. Bg5 Be6 7. e4 Be7 8. Bb5+ Nc6 9. exd5 Nxd5 10. Bxe7 Qxe7 11. 0-0 0-0 12. Re1 Nxc3 13. bxc3 Rad8 1/2-1/2

[Event "Barcelona Segura Memorial 2nd"]
[Site "Barcelona"]
[Date "2022.11.09"]
[Round "6"]
[White "Jovancevic, Jovan"]
[Black "Iglesias Lopez, Albert"]
[Result "1-0"]
[WhiteElo "2158"]
[BlackElo "1673"]
[PlyCount "71"]
[EventDate "2022.09.28"]
[EventType "swiss"]
[EventRounds "9"]
[EventCountry "ESP"]
[SourceTitle "EXT 2024"]
[Source "ChessBase"]
[SourceDate "2023.10.10"]
[SourceVersion "1"]
[SourceVersionDate "2023.10.10"]
[SourceQuality "1"]

1. d4 Nf6 2. c4 a6 3. Nc3 b5 4. cxb5 axb5 5. Nxb5 e5 6. dxe5 Ne4 7. Qc2 Bb4+ 8. Nc3 d5 9. e3 Bf5 10. Bd3 Qg5 11. Kf1 Bxc3 12. bxc3 0-0 13. f3 Nc6 14. fxe4 dxe4 15. Bxe4 Bxe4 16. Qxe4 Nxe5 17. Nf3 Nxf3 18. Qxf3 Ra6 19. Kg1 Rf6 20. Qe2 Qc5 21. h4 Re6 22. Rh3 Qxc3 23. Bb2 Qa5 24. Rg3 Rg6 25. Rxg6 hxg6 26. Qc4 Qh5 27. Rf1 c5 28. a4 g5 29. Qxc5 Qxh4 30. Qd4 Qh7 31. Rf5 f6 32. e4 Qh4 33. e5 Qe1+ 34. Rf1 Qxf1+ 35. Kxf1 fxe5+ 36. Qf2 1-0

[Event "Barcelona Vila de Grаcia op 16th"]
[Site "Barcelona"]
[Date "2022.09.30"]
[Round "1"]
[White "Delgado Torra, Bruno"]
[Black "Jovancevic, Jovan"]
[Result "0-1"]
[WhiteElo "1627"]
[BlackElo "2158"]
[PlyCount "86"]
[EventDate "2022.09.30"]
[EventType "swiss"]
[EventRounds "9"]
[EventCountry "ESP"]
[SourceTitle "EXT 2024"]
[Source "ChessBase"]
[SourceDate "2023.10.10"]
[SourceVersion "1"]
[SourceVersionDate "2023.10.10"]
[SourceQuality "1"]

1. d4 Nf6 2. Bf4 c5 3. e3 cxd4 4. exd4 g6 5. Nc3 Bg7 6. Qd2 d5 7. 0-0-0 Nc6 8. Nb5 Ne4 9. Nc7+ Qxc7 10. Bxc7 Nxd2 11. Rxd2 Bh6 12. c3 Bf5 13. Bg3 Bxd2+ 14. Kxd2 f6 15. Bb5 0-0-0 16. f4 h5 17. Nf3 a6 18. Ba4 b5 19. Bd1 e6 20. a4 Na5 21. Re1 Nc4+ 22. Kc1 Kd7 23. Bh4 Rhf8 24. axb5 axb5 25. b3 Nd6 26. Nd2 Ra8 27. Bc2 Rfc8 28. Kb2 Bxc2 29. Kxc2 b4 30. Bxf6 Rxc3+ 31. Kb2 Ra3 32. Nb1 Raxb3+ 33. Ka2 Rd3 34. h3 Ne4 35. Be5 Rg3 36. Rc1 Rbd3 37. Rc7+ Kd8 38. Rb7 Rxg2+ 39. Ka1 b3 40. Rb8+ Kd7 41. Rb7+ Kc6 42. Rc7+ Kb6 43. Rc8 Ra2# 0-1

[Event "EU-ch Online U2300 Qual"]
[Site "Chess.com INT"]
[Date "2020.05.25"]
[Round "2"]
[White "Jovancevic, Jovan"]
[Black "Kelly, Ladislau Endre"]
[Result "1-0"]
[WhiteElo "2117"]
[BlackElo "2180"]
[PlyCount "75"]
[EventDate "2020.05.25"]
[EventType "swiss"]
[EventRounds "8"]
[EventCountry "NET"]
[SourceTitle "EXT 2021"]
[Source "ChessBase"]
[SourceDate "2020.10.23"]
[SourceVersion "1"]
[SourceVersionDate "2020.10.23"]
[SourceQuality "1"]

1. d4 d5 2. c4 e5 3. dxe5 d4 4. Nf3 Nc6 5. a3 Nge7 6. Bg5 h6 7. Bh4 Be6 8. Nbd2 g5 9. Ne4 Bg7 10. Bg3 Nf5 11. Qa4 Nxg3 12. hxg3 g4 13. Nfd2 Bxe5 14. Nc5 Bc8 15. 0-0-0 Qe7 16. Ndb3 h5 17. Nxb7 Bxb7 18. Na5 Qg5+ 19. e3 dxe3 20. Kb1 0-0 21. Nxb7 Nd4 22. fxe3 Qxe3 23. Rxh5 Rab8 24. Qa6 Bg7 25. Bd3 f5 26. c5 Rf6 27. Qc4+ Kf8 28. Na5 Rf7 29. b4 Qe5 30. Rf1 Nb5 31. Qxf7+ Kxf7 32. Rhxf5+ Qxf5 33. Rxf5+ Ke7 34. Nc6+ Ke6 35. Nxb8 Nxa3+ 36. Ka2 Nc4 37. Rg5 Bf6 38. Bxc4+ 1-0

[Event "EU-ch Online U2300 Qual"]
[Site "Chess.com INT"]
[Date "2020.05.25"]
[Round "1"]
[White "Papadopoulos, Georgios1"]
[Black "Jovancevic, Jovan"]
[Result "1/2-1/2"]
[WhiteElo "2347"]
[BlackElo "2117"]
[PlyCount "101"]
[EventDate "2020.05.25"]
[EventType "swiss"]
[EventRounds "8"]
[EventCountry "NET"]
[SourceTitle "EXT 2021"]
[Source "ChessBase"]
[SourceDate "2020.10.23"]
[SourceVersion "1"]
[SourceVersionDate "2020.10.23"]
[SourceQuality "1"]

1. d4 Nf6 2. Bf4 d5 3. e3 e6 4. Nf3 Bd6 5. Bxd6 Qxd6 6. c4 b6 7. cxd5 Nxd5 8. e4 Nf6 9. Nc3 Qb4 10. Qd2 Bb7 11. Bb5+ c6 12. Bd3 c5 13. a3 Qa5 14. 0-0 Nbd7 15. e5 cxd4 16. exf6 dxc3 17. fxg7 Rg8 18. Qh6 cxb2 19. Rae1 Qc3 20. Rxe6+ Kd8 21. Rd6 Qxg7 22. Qxg7 Rxg7 23. Bf5 f6 24. Rfd1 b1Q 25. Rxb1 Bxf3 26. Rxd7+ Rxd7 27. Bxd7 Kxd7 28. gxf3 Kc6 29. Kg2 Rg8+ 30. Kh3 Kc5 31. Rd1 a5 32. Rd7 h6 33. Kh4 b5 34. Kh5 Rg2 35. Rd2 Rxh2+ 36. Kg6 Rh3 37. f4 Rxa3 38. f5 Rf3 39. Kxf6 b4 40. Kg6 Kc4 41. f6 Kc3 42. Rd5 Rxf2 43. Rf5 Rg2+ 44. Kxh6 Rd2 45. Rxa5 b3 46. f7 Rf2 47. Kg7 b2 48. Rb5 Kc2 49. Rxb2+ Kxb2 50. f8Q Rxf8 51. Kxf8 1/2-1/2

[Event "EU-ch Online U2300 Qual"]
[Site "Chess.com INT"]
[Date "2020.05.25"]
[Round "5"]
[White "Rogule, Laura"]
[Black "Jovancevic, Jovan"]
[Result "1-0"]
[WhiteElo "2297"]
[BlackElo "2117"]
[PlyCount "89"]
[EventDate "2020.05.25"]
[EventType "swiss"]
[EventRounds "8"]
[EventCountry "NET"]
[SourceTitle "EXT 2021"]
[Source "ChessBase"]
[SourceDate "2020.10.23"]
[SourceVersion "1"]
[SourceVersionDate "2020.10.23"]
[SourceQuality "1"]

1. c4 Nf6 2. Nf3 g6 3. g3 Bg7 4. Bg2 c6 5. d4 d5 6. Nbd2 0-0 7. 0-0 Nbd7 8. Qc2 Qb6 9. e4 dxe4 10. Nxe4 Qa6 11. b3 c5 12. Bb2 cxd4 13. Nxd4 Nxe4 14. Qxe4 Qf6 15. Rad1 Nc5 16. Qe2 Re8 17. Rd2 Qe5 18. Qf3 Qb8 19. Rfd1 a6 20. Ba3 Qc7 21. Qd5 Nd7 22. Ne2 Nf6 23. Qc5 Qxc5 24. Bxc5 e5 25. Nc3 e4 26. Nxe4 Nxe4 27. Bxe4 Bg4 28. Bxb7 Bxd1 29. Bxa8 Bg4 30. Bb7 Bh3 31. Be3 Bh6 32. c5 Bxe3 33. fxe3 Rxe3 34. Kf2 Rc3 35. c6 Kg7 36. Bxa6 Rxc6 37. Bc4 Rf6+ 38. Ke3 Bg4 39. a4 Rf5 40. b4 Re5+ 41. Kd4 Re1 42. a5 Rb1 43. b5 Bd7 44. Kc5 Bc8 45. a6 1-0

[Event "Madrid-chT 1920 Honor"]
[Site "Madrid"]
[Date "2019.12.15"]
[Round "3.6"]
[White "Jovancevic, Jovan"]
[Black "Guerrero Villanueva, David"]
[Result "1-0"]
[WhiteElo "2063"]
[BlackElo "2010"]
[PlyCount "121"]
[EventDate "2019.11.24"]
[EventType "team-tourn"]
[EventRounds "12"]
[EventCountry "ESP"]
[SourceTitle "EXT 2021"]
[Source "ChessBase"]
[SourceDate "2020.10.23"]
[SourceVersion "1"]
[SourceVersionDate "2020.10.23"]
[SourceQuality "1"]
[WhiteTeam "San Sebastian de los Reyes"]
[BlackTeam "Getafe"]
[WhiteTeamCountry "ESP"]
[BlackTeamCountry "ESP"]

1. d4 c5 2. d5 e5 3. e4 d6 4. Nc3 Nf6 5. Be2 Be7 6. Nf3 a6 7. a4 0-0 8. 0-0 Nbd7 9. Nd2 b6 10. Nc4 Rb8 11. Re1 Re8 12. Bf1 Qc7 13. Ne3 g6 14. g3 Bf8 15. Ng4 Nxg4 16. Qxg4 Bg7 17. Qe2 Nf8 18. g4 f6 19. Ra3 g5 20. Qf3 Ng6 21. Ne2 Nh4 22. Qg3 b5 23. axb5 axb5 24. Ra2 Bd7 25. Bd2 Ra8 26. Rea1 Rxa2 27. Rxa2 Rb8 28. f4 h6 29. f5 Qb7 30. b4 Ra8 31. Rxa8+ Qxa8 32. Kf2 Qa4 33. Qb3 Qa6 34. bxc5 dxc5 35. Be3 Bf8 36. c4 b4 37. Nc1 Bd6 38. Nd3 Qa5 39. Be2 Kf7 40. Bd1 Ke7 41. Kg3 Bc8 42. Qa4 Qb6 43. Qa8 Qc7 44. Ba4 h5 45. gxh5 Nxf5+ 46. Kf2 Nh6 47. h3 Bd7 48. Bxd7 Qxd7 49. Kg3 Nf7 50. Nxc5 Qc7 51. Ne6 Qb8 52. Qxb8 Bxb8 53. c5 b3 54. Bc1 Ba7 55. Ba3 Kd7 56. c6+ Kc8 57. h6 Bb8 58. h7 b2 59. Bxb2 Bd6 60. Kg4 Bb4 61. Kh5 1-0

[Event "MNT-chT 1st League"]
[Site "Podgorica"]
[Date "2019.07.28"]
[Round "9.3"]
[White "Lekic, Lazar"]
[Black "Jovancevic, Jovan"]
[Result "0-1"]
[WhiteElo "2059"]
[BlackElo "2050"]
[PlyCount "54"]
[EventDate "2019.07.20"]
[EventType "team-tourn"]
[EventRounds "9"]
[EventCountry "MNE"]
[SourceTitle "EXT 2020"]
[Source "ChessBase"]
[SourceDate "2019.10.17"]
[SourceVersion "1"]
[SourceVersionDate "2019.10.17"]
[SourceQuality "1"]
[WhiteTeam "Mimoza"]
[BlackTeam "Buducnost Omladinac"]
[WhiteTeamCountry "MNE"]
[BlackTeamCountry "MNE"]

1. e4 c5 2. Nf3 d6 3. d4 cxd4 4. Nxd4 Nf6 5. Nc3 a6 6. Bc4 e6 7. Bb3 Nbd7 8. Bg5 Nc5 9. f4 Qc7 10. Qf3 Be7 11. 0-0 0-0 12. f5 Nxb3 13. axb3 h6 14. Be3 e5 15. Nde2 b5 16. Ng3 b4 17. Nd5 Nxd5 18. exd5 Qxc2 19. Ne4 Kh7 20. Bxh6 gxh6 21. f6 Bd8 22. Rf2 Bb6 23. Raf1 Rg8 24. Kh1 Bxf2 25. Rxf2 Qc1+ 26. Rf1 Qc7 27. h4 Rg4 0-1

[Event "MNT-chT 1st League"]
[Site "Podgorica"]
[Date "2019.07.27"]
[Round "8.2"]
[White "Draganic, Veljko"]
[Black "Jovancevic, Jovan"]
[Result "1-0"]
[WhiteElo "2246"]
[BlackElo "2050"]
[PlyCount "69"]
[EventDate "2019.07.20"]
[EventType "team-tourn"]
[EventRounds "9"]
[EventCountry "MNE"]
[SourceTitle "EXT 2020"]
[Source "ChessBase"]
[SourceDate "2019.10.17"]
[SourceVersion "1"]
[SourceVersionDate "2019.10.17"]
[SourceQuality "1"]
[WhiteTeam "Niksic"]
[BlackTeam "Buducnost Omladinac"]
[WhiteTeamCountry "MNE"]
[BlackTeamCountry "MNE"]

1. d4 Nf6 2. Nc3 d5 3. Bf4 g6 4. Qd2 Bg7 5. 0-0-0 c6 6. f3 b5 7. Kb1 Nbd7 8. Bh6 Bxh6 9. Qxh6 Nb6 10. e3 b4 11. Nce2 Ba6 12. h4 Bb5 13. g4 Qd6 14. Nh3 0-0-0 15. Nhf4 Nc4 16. Nd3 a5 17. Nec1 a4 18. Qf4 Nd7 19. b3 axb3 20. axb3 e5 21. dxe5 Ncxe5 22. Nxe5 Nxe5 23. Bxb5 cxb5 24. Rd2 Rhe8 25. Rhd1 Kc7 26. e4 d4 27. Rxd4 Qc5 28. Rd5 Qc3 29. R1d3 Rxd5 30. Rxc3+ bxc3 31. exd5 Kd7 32. Qb4 Rc8 33. Qxb5+ Kd8 34. Qb6+ Kd7 35. Qf6 1-0

[Event "MNT-chT 1st League"]
[Site "Podgorica"]
[Date "2019.07.24"]
[Round "5.3"]
[White "Minic, Milan"]
[Black "Jovancevic, Jovan"]
[Result "0-1"]
[WhiteElo "2104"]
[BlackElo "2050"]
[PlyCount "106"]
[EventDate "2019.07.20"]
[EventType "team-tourn"]
[EventRounds "9"]
[EventCountry "MNE"]
[SourceTitle "EXT 2020"]
[Source "ChessBase"]
[SourceDate "2019.10.17"]
[SourceVersion "1"]
[SourceVersionDate "2019.10.17"]
[SourceQuality "1"]
[WhiteTeam "Prosvjeta"]
[BlackTeam "Buducnost Omladinac"]
[WhiteTeamCountry "MNE"]
[BlackTeamCountry "MNE"]

1. d4 Nf6 2. c4 g6 3. Nc3 d5 4. cxd5 Nxd5 5. e4 Nxc3 6. bxc3 Bg7 7. Bc4 c5 8. Be3 Nc6 9. Ne2 0-0 10. 0-0 Bg4 11. f3 Na5 12. Bd5 Bd7 13. Rb1 Qc8 14. dxc5 Rd8 15. Qc2 e6 16. Bb3 Bf8 17. Kh1 Bxc5 18. Bg5 Re8 19. e5 Qc7 20. Qe4 Bc6 21. Qf4 Nxb3 22. axb3 Be7 23. h4 Rad8 24. Ng3 Rd5 25. Rfe1 f5 26. c4 Rd3 27. Red1 Qd7 28. Rxd3 Qxd3 29. Re1 Qxb3 30. h5 Qb4 31. Rd1 Bxg5 32. Qxg5 Qe7 33. Qxe7 Rxe7 34. Rd8+ Re8 35. Rd6 Kf7 36. hxg6+ hxg6 37. Ne2 Ke7 38. Nd4 Bd7 39. c5 Rc8 40. Nb3 Bc6 41. Nc1 Bb5 42. Nb3 Bc4 43. Na5 Bd5 44. c6 bxc6 45. Kh2 c5 46. Ra6 Rc7 47. f4 c4 48. Nxc4 Bxc4 49. Ra3 Rd7 50. g3 a6 51. Kh3 g5 52. fxg5 Kf7 53. Rc3 Rd4 0-1

[Event "EU-ch Amateur U2300"]
[Site "Niksic"]
[Date "2018.06.20"]
[Round "8"]
[White "Jovancevic, Jovan"]
[Black "Kraljevic, Ivan"]
[Result "0-1"]
[WhiteElo "2039"]
[BlackElo "2116"]
[PlyCount "60"]
[EventDate "2018.06.14"]
[EventType "swiss"]
[EventRounds "9"]
[EventCountry "MNE"]
[SourceTitle "CBM 185 Extra"]
[Source "ChessBase"]
[SourceDate "2018.07.29"]
[SourceVersion "1"]
[SourceVersionDate "2018.07.29"]
[SourceQuality "1"]

1. d4 d5 2. c4 e6 3. Nc3 Nf6 4. Bg5 Nbd7 5. cxd5 exd5 6. e3 h6 7. Bf4 c6 8. Bd3 Be7 9. h3 Qb6 10. Qc2 0-0 11. Nf3 Ne8 12. g4 Bd6 13. Bxd6 Nxd6 14. 0-0-0 Qd8 15. Ne2 Qf6 16. Nf4 Re8 17. h4 g5 18. hxg5 hxg5 19. Rh5 gxf4 20. g5 Qe6 21. Rdh1 Kf8 22. exf4 Qg4 23. f5 Qxf3 24. f6 Re1+ 25. Rxe1 Qxh5 26. f4 Qh4 27. Qg2 Qxe1+ 28. Kc2 Ne4 29. Qh3 Qd2+ 30. Kb3 Ndc5+ 0-1

[Event "EU-ch Amateur U2300"]
[Site "Niksic"]
[Date "2018.06.18"]
[Round "6"]
[White "Jovancevic, Jovan"]
[Black "Andjelic, Djordje"]
[Result "1-0"]
[WhiteElo "2039"]
[BlackElo "1690"]
[PlyCount "95"]
[EventDate "2018.06.14"]
[EventType "swiss"]
[EventRounds "9"]
[EventCountry "MNE"]
[SourceTitle "CBM 185 Extra"]
[Source "ChessBase"]
[SourceDate "2018.07.29"]
[SourceVersion "1"]
[SourceVersionDate "2018.07.29"]
[SourceQuality "1"]

1. d4 d5 2. c4 e6 3. Nc3 Nf6 4. Bg5 Nbd7 5. cxd5 exd5 6. e3 c6 7. Bd3 Be7 8. Nf3 0-0 9. Qc2 Re8 10. h3 Nf8 11. Ne5 Ng6 12. 0-0 Nd7 13. Bf4 Ndxe5 14. Bxe5 Bf6 15. Bh2 Bd7 16. b4 Qc8 17. Rfe1 Nh4 18. Bf1 Bf5 19. Qb3 Bxh3 20. gxh3 Nf3+ 21. Kh1 Nxe1 22. Rxe1 Bxd4 23. Ne2 Be5 24. Ng3 Qd8 25. e4 Bxg3 26. Bxg3 Rxe4 27. Rxe4 dxe4 28. Bc4 Qf6 29. Kg2 h5 30. h4 b5 31. Be2 g5 32. Qe3 gxh4 33. Bf4 Kh8 34. Qxe4 Rg8+ 35. Kf3 h3 36. Bd3 Qg7 37. Ke3 f6 38. Qxc6 Qe7+ 39. Kf3 Qg7 40. Qxb5 Qg4+ 41. Ke3 Qe6+ 42. Be4 Qb6+ 43. Qxb6 axb6 44. a4 Rg1 45. a5 bxa5 46. b5 a4 47. b6 f5 48. b7 1-0

[Event "EU-ch Amateur U2300"]
[Site "Niksic"]
[Date "2018.06.16"]
[Round "3"]
[White "Jovancevic, Jovan"]
[Black "Maloberti, David"]
[Result "0-1"]
[WhiteElo "2039"]
[BlackElo "2148"]
[PlyCount "70"]
[EventDate "2018.06.14"]
[EventType "swiss"]
[EventRounds "9"]
[EventCountry "MNE"]
[SourceTitle "CBM 185 Extra"]
[Source "ChessBase"]
[SourceDate "2018.07.29"]
[SourceVersion "1"]
[SourceVersionDate "2018.07.29"]
[SourceQuality "1"]

1. d4 Nf6 2. c4 g6 3. Nc3 Bg7 4. e4 d6 5. Nf3 0-0 6. Be2 e5 7. 0-0 Nc6 8. d5 Ne7 9. Ne1 Ne8 10. Be3 f5 11. f3 f4 12. Bf2 g5 13. c5 Ng6 14. cxd6 cxd6 15. Nd3 h5 16. Nb5 a6 17. Na7 Bd7 18. Qb3 Qb8 19. Qb6 Bf6 20. Kh1 Bd8 21. Qb4 Rxa7 22. Bxa7 Qxa7 23. a4 a5 24. Qa3 Bb6 25. b4 g4 26. bxa5 Bxa5 27. Rfc1 Qe3 28. Qb2 Nh4 29. Rf1 Rf7 30. Ra3 Qd2 31. Ra2 gxf3 32. gxf3 Qe3 33. Rg1+ Rg7 34. Rxg7+ Nxg7 35. Qxb7 Bh3 0-1

[Event "MNT-chT"]
[Site "Niksic"]
[Date "2016.08.13"]
[Round "8.3"]
[White "Jovancevic, Jovan"]
[Black "Todorovic, Jovan"]
[Result "0-1"]
[WhiteElo "2025"]
[BlackElo "2371"]
[PlyCount "100"]
[EventDate "2016.08.06"]
[EventType "team-tourn"]
[EventRounds "9"]
[EventCountry "MNE"]
[SourceTitle "CBM 173 Extra"]
[Source "ChessBase"]
[SourceDate "2016.08.29"]
[SourceVersion "1"]
[SourceVersionDate "2016.08.29"]
[SourceQuality "1"]

1. d4 Nf6 2. c4 e6 3. Nc3 Bb4 4. e3 0-0 5. Bd3 d5 6. Nf3 c5 7. a3 Bxc3+ 8. bxc3 Nc6 9. 0-0 Qc7 10. Qe2 dxc4 11. Bxc4 e5 12. h3 Bf5 13. Bb2 Rad8 14. Rfd1 a6 15. a4 e4 16. Nd2 Rfe8 17. Rdc1 Nd5 18. Ba3 cxd4 19. cxd4 Qc8 20. Nf1 Bg6 21. Rab1 Qd7 22. Qb2 Rb8 23. Nd2 Qf5 24. Ba2 Qd7 25. Bxd5 Qxd5 26. Qb6 h6 27. Rc5 Qd7 28. Nc4 Ne7 29. Rc7 Qxa4 30. Bxe7 Rxe7 31. Rxe7 Qxc4 32. Rxb7 Rc8 33. Ra7 Qd3 34. Kh2 Bf5 35. Rxa6 Rc2 36. Qd8+ Kh7 37. Rd6 Rxf2 38. Rb8 Rxg2+ 39. Kxg2 Qe2+ 40. Kg1 Qxe3+ 41. Kh2 Qf2+ 42. Kh1 Qf1+ 43. Kh2 Qxh3+ 44. Kg1 Qg3+ 45. Kf1 Bh3+ 46. Ke2 Qd3+ 47. Ke1 Qc3+ 48. Kf2 Qd2+ 49. Kg3 Qg2+ 50. Kf4 Qf3+ 0-1

[Event "MNT-chT"]
[Site "Niksic"]
[Date "2016.08.11"]
[Round "6.3"]
[White "Jovancevic, Jovan"]
[Black "Djukic, Nikola"]
[Result "0-1"]
[WhiteElo "2025"]
[BlackElo "2539"]
[PlyCount "46"]
[EventDate "2016.08.06"]
[EventType "team-tourn"]
[EventRounds "9"]
[EventCountry "MNE"]
[SourceTitle "CBM 173 Extra"]
[Source "ChessBase"]
[SourceDate "2016.08.29"]
[SourceVersion "1"]
[SourceVersionDate "2016.08.29"]
[SourceQuality "1"]

1. d4 Nf6 2. c4 e6 3. Nc3 Bb4 4. e3 0-0 5. Nf3 d5 6. Bd3 c5 7. a3 Bxc3+ 8. bxc3 Nc6 9. 0-0 dxc4 10. Bxc4 Qc7 11. Ba2 e5 12. e4 cxd4 13. cxd4 exd4 14. Qc2 Qe7 15. Re1 Bg4 16. Bf4 Bxf3 17. gxf3 Nh5 18. Bg3 Ne5 19. Kg2 Qf6 20. Qd1 Rac8 21. Rb1 Rc3 22. Qxd4 Qxf3+ 23. Kf1 Rc2 0-1

[Event "MNT-chT1"]
[Site "Cetinje"]
[Date "2013.09.01"]
[Round "3"]
[White "Petrusic, Goran"]
[Black "Jovancevic, Jovan"]
[Result "0-1"]
[WhiteElo "1959"]
[BlackElo "2037"]
[PlyCount "82"]
[EventDate "2013.08.30"]
[EventType "team-tourn"]
[EventRounds "9"]
[EventCountry "MNE"]
[SourceTitle "CBM 156 Extra"]
[Source "ChessBase"]
[SourceDate "2013.10.22"]
[SourceVersion "1"]
[SourceVersionDate "2013.10.22"]
[SourceQuality "1"]

1. e4 c5 2. Nf3 d6 3. d4 cxd4 4. Nxd4 Nf6 5. Nc3 a6 6. Bg5 e6 7. Qf3 Be7 8. Bd3 Nbd7 9. Bxf6 Bxf6 10. Nde2 Qb6 11. Rb1 Qc7 12. 0-0 b5 13. a3 Bb7 14. Rbd1 Bc6 15. Rfe1 h5 16. Nf4 Ne5 17. Qe2 g6 18. Nfd5 exd5 19. exd5 Bd7 20. f4 Bg4 21. Qf1 Bxd1 22. fxe5 Bxe5 23. Nxd1 0-0 24. Kh1 Qc5 25. Qf3 Rab8 26. Rf1 a5 27. b3 Qxa3 28. Nf2 a4 29. Ne4 Qb2 30. g4 f5 31. gxf5 Rxf5 32. Qg2 Rxf1+ 33. Bxf1 Kg7 34. Ng5 Qc1 35. Ne6+ Kh6 36. Qf3 a3 37. Kg2 Qd2+ 38. Be2 a2 39. h4 a1Q 40. Ng5 Qae1 41. Nf7+ Kg7 0-1

[Event "Wch U18"]
[Site "Maribor"]
[Date "2012.11.17"]
[Round "10.43"]
[White "Janzelj, Tim"]
[Black "Jovancevic, Jovan"]
[Result "1/2-1/2"]
[WhiteElo "2247"]
[BlackElo "2025"]
[PlyCount "120"]
[EventDate "2012.11.08"]
[EventType "swiss"]
[EventRounds "11"]
[EventCountry "SLO"]
[SourceTitle "EXT 2013"]
[Source "ChessBase"]
[SourceDate "2012.11.22"]
[SourceVersion "1"]
[SourceVersionDate "2012.11.22"]
[SourceQuality "1"]

1. d4 Nf6 2. c4 Nc6 3. Nf3 e6 4. g3 Bb4+ 5. Bd2 Bxd2+ 6. Qxd2 d6 7. Nc3 0-0 8. Bg2 h6 9. 0-0 e5 10. d5 Ne7 11. b4 Ne8 12. e4 f5 13. exf5 Bxf5 14. Nh4 Bd7 15. Rae1 a5 16. a3 g5 17. Nf3 Bg4 18. Qd3 Qd7 19. Nd2 axb4 20. axb4 Qf5 21. Nce4 Bh3 22. c5 Bxg2 23. Kxg2 Qf7 24. Nc3 Nf6 25. cxd6 cxd6 26. Nde4 Nxe4 27. Qxe4 Ra3 28. Re3 Nf5 29. Rd3 Rc8 30. Nb5 Rxd3 31. Qxd3 Nd4 32. Nxd4 exd4 33. Qxd4 Re8 34. b5 Re5 35. Rd1 h5 36. h3 Qf5 37. Rc1 g4 38. hxg4 hxg4 39. Qf4 Qxf4 40. gxf4 Rxd5 41. Rc8+ Kf7 42. Rc7+ Ke6 43. Rxb7 Rd3 44. b6 d5 45. Rb8 Kd7 46. b7 Kc7 47. Re8 Kxb7 48. Re3 Rd2 49. f5 d4 50. Re7+ Kc6 51. Kg3 Ra2 52. f6 Ra8 53. Kxg4 d3 54. Re1 Kd6 55. Kf5 Ra5+ 56. Kg6 Ra4 57. Re3 d2 58. Rd3+ Ke6 59. f7 Rg4+ 60. Kh5 Rf4 1/2-1/2

[Event "Wch U18"]
[Site "Maribor"]
[Date "2012.11.11"]
[Round "4.39"]
[White "Skouvaklis, Alexis"]
[Black "Jovancevic, Jovan"]
[Result "1-0"]
[WhiteElo "2167"]
[BlackElo "2025"]
[PlyCount "95"]
[EventDate "2012.11.08"]
[EventType "swiss"]
[EventRounds "11"]
[EventCountry "SLO"]
[SourceTitle "EXT 2013"]
[Source "ChessBase"]
[SourceDate "2012.11.22"]
[SourceVersion "1"]
[SourceVersionDate "2012.11.22"]
[SourceQuality "1"]

1. e4 c5 2. Nf3 d6 3. Bb5+ Bd7 4. Bxd7+ Nxd7 5. 0-0 e6 6. c3 Ngf6 7. Qe2 Rc8 8. d4 cxd4 9. cxd4 d5 10. e5 Ne4 11. Rd1 Bb4 12. Ne1 Qc7 13. Nd3 Qc4 14. Be3 0-0 15. f3 Nec5 16. dxc5 Nxe5 17. Na3 Bxa3 18. bxa3 d4 19. Rac1 Qd5 20. Nb4 d3 21. Nxd3 Nc6 22. Nb4 Qf5 23. Nxc6 Rxc6 24. Qd3 Qh5 25. Qe4 Rc7 26. Qg4 Qxg4 27. fxg4 Rfc8 28. Rb1 f6 29. Kf2 Kf7 30. a4 b6 31. cxb6 axb6 32. Rdc1 Rc4 33. Rxc4 Rxc4 34. Rxb6 Rxa4 35. Rb7+ Kg6 36. Ra7 Rxg4 37. a4 Kf5 38. Kf3 h5 39. a5 Ra4 40. a6 g5 41. Ra8 g4+ 42. Kf2 Ke4 43. Bb6 Ra2+ 44. Kg3 h4+ 45. Kxg4 Rxg2+ 46. Kh3 Rb2 47. Rb8 Rb3+ 48. Kxh4 1-0